| 000 | 00000nam##2200000za#4500 |
| 001 | 9.695615 |
| 003 | CaOODSP |
| 005 | 20240215150447 |
| 007 | cr ||||||||||| |
| 008 | 150407|2000||||xxc|||||o f|0| 0 eng|d |
| 040 | |aCaOODSP|beng |
| 043 | |an-cn--- |
| 086 | 1 |aJS82-94/1998E-PDF |
| 110 | 2 |aCorrectional Service Canada. |
| 245 | 10|aTuberculosis prevention and control in Canadian federal prisons, 1998 : |h[electronic resource]|breported results of the Correctional Service of Canada Tuberculosis Tracking System |
| 260 | |aOttawa - Ontario : |bCorrectional Service Canada |cc2000. |
| 300 | |a27p.|bglossary, graphs, references, tables |
| 500 | |aIncorrect catalogue number (JS82-94/2000) and ISBN (0-662-65380-7) for the bilingual print edition have been copied in this electronic publication. |
| 590 | |a12-17-Supp|b2012-04-20 |
| 690 | 07|aCorrectional institutions|2gcpds |
| 690 | 07|aInfectious diseases|2gcpds |
| 775 | 08|tLa lutte antituberculeuse dans les pénitenciers fédéraux canadiens, 1998 : |w(CaOODSP)9.639746 |
| 776 | 0#|tTuberculosis prevention and control in Canadian federal prisons, 1998 : |w(CaOODSP)9.662373 |
| 776 | 0#|tLa lutte antituberculeuse dans les pénitenciers fédéraux canadiens, 1998 : |w(CaOODSP)9.662374 |
| 856 | 40|ahttp://publications.gc.ca|qPDF|s276 KB|uhttps://publications.gc.ca/collections/Collection/JS82-94-1998E.pdf |